000 00209 a2200097 4500
001 52704
100 _aMullish H
245 _aStructured Cobol
260 _aNew York
_bHarper & Row
_c
090 _c33148
_d33148
942 _aNUST-CAE
_cM
_c25723
999 _c287777
_d287777